00378nam a22001212 4500082001500000245003200015250001300047260004800060300001100108942000700119952011300126999001700239 a294.5bRAM04aThe Brhadaranyaka upanisad; a[2d ed.] aMylapore, Madras,bRamakrishna Math,c1951. a515 p. cBK 00104070aHMIbHMIcGENd2019-02-08g90.00l1m1o294.5 RAMp25549r2026-03-24s2020-01-20w2026-01-16yBK c22618d22618